| 000 | 00422nam a22001577a 4500 | ||
|---|---|---|---|
| 005 | 20251108170809.0 | ||
| 008 | 250721s1997 xx 000 0 ara d | ||
| 082 | 1 | 4 | _a818.03/رضا |
| 100 | 1 | _aسعادة، رضا | |
| 245 | 1 | 0 | _aذكريات و حنين / |
| 264 |
_bدار المواسم للنشر، _c1997. |
||
| 300 | _a204ص | ||
| 650 | 1 | 7 | _aالمقالات الأدبية |
| 942 |
_2ddc _cBK |
||
| 999 |
_c49209 _d49209 |
||